|
|
|
|
| LEADER |
00000nam0a2200000 4500 |
| 001 |
196114 |
| 005 |
20231101224654.0 |
| 010 |
|
|
|a 9785459003451
|
| 035 |
|
|
|a (RuTPU)RU\TPU\book\213952
|
| 090 |
|
|
|a 196114
|
| 100 |
|
|
|a 20110518d2011 k y0rusy50 ca
|
| 101 |
0 |
|
|a rus
|
| 102 |
|
|
|a RU
|
| 105 |
|
|
|a a z 000zy
|
| 200 |
1 |
|
|a BIOS: тонкая настройка и разгон компьютера
|f А. Заика
|
| 210 |
|
|
|a СПб.
|c Питер
|d 2011
|
| 215 |
|
|
|a 299 с.
|c ил.
|
| 225 |
1 |
|
|a Анатомия ПК
|
| 330 |
|
|
|a В этой книге подробно рассказывается о BIOS и возможностях тонкой настройки и разгона компьютера. Рассмотрены установки BIOS, вопросы обновления, восстановления и оптимизации системы. Даны основные понятия, касающиеся аппаратного обеспечения ПК и его настройки с помощью BIOS. Уделено внимание программному обеспечению для тестирования производительности компьютера и модификации параметров BIOS на уровне операционной системы, рассмотрены вопросы поиска и устранения неисправностей ПК.
|
| 606 |
1 |
|
|a Персональные ЭВМ
|2 stltpush
|3 (RuTPU)RU\TPU\subj\71057
|9 85120
|
| 610 |
1 |
|
|a персональные компьютеры
|
| 610 |
1 |
|
|a настройка
|
| 610 |
1 |
|
|a BIOS
|
| 610 |
1 |
|
|a установка
|
| 610 |
1 |
|
|a производительность
|
| 610 |
1 |
|
|a данные
|
| 610 |
1 |
|
|a восстановление
|
| 675 |
|
|
|a 004.382.7
|v 4
|
| 700 |
|
1 |
|a Заика
|b А.
|g Александр
|
| 801 |
|
1 |
|a RU
|b 63413507
|c 20110518
|
| 801 |
|
2 |
|a RU
|b 63413507
|c 20140414
|g RCR
|
| 942 |
|
|
|c BK
|
| 959 |
|
|
|a 52/20110518
|d 1
|e 115,00
|f ЧЗТЛ:1
|